LEADER 01756nam a2200277 i 4500 001 000000352020 003 CaOOAMICUS 005 20250108111942.0 008 221028s2022 it a u100 u ita u 020 $a978-88-6809-368-6 040 $aSeMil$bita 111 2 $aConvegno storico internazionale$n<58. ;$d2021 ;$cTodi>.$0(OLS)http://semarc/name/116710 245 10$aDante e il mondo :$btra realtà e poesia tra storia e letteratura : atti del 58. Convegno storico internazionale, Todi, 10-12 ottobre 2021. 264 1$aSpoleto :$bFondazione Centro italiano di studi sull'Alto Medioevo,$c2022. 300 $aXI, 371 p., IX p. di tav. :$bill. ;$c24 cm 490 1 $aAtti dei convegni del Centro italiano di studi sul Basso Medioevo - Accademia Tudertina. Nuova serie ;$v35 600 14$aAlighieri, Dante <1265-1321>.$0(OLS)http://semarc/subject/2905 650 4$aAlighieri, Dante <1265-1321> - Opere - Commentari e studi.$0(OLS)http://semarc/subject/15436 710 2 $aCentro italiano di studi sul Basso Medioevo. Accademia Tudertina.$0(OLS)http://semarc/name/7292 830 0$aAtti dei convegni del Centro italiano di studi sul Basso Medioevo - Accademia Tudertina. Nuova serie ;$v35.$0(OLS)http://semarc/title/19062 850 $aSeMil 852 $aSeMil$W1$xVenegono$y1$m3TA E 35$j253725$B243205$CSeMilBibl$Z2$F243205 $81 996 $6020$a978-88-6809-368-6$9(OLS)http://semarc/number/297029 996 $6245$aDante e il mondo :$btra realtà e poesia tra storia e letteratura : atti del 58. Convegno storico internazionale, Todi, 10-12 ottobre 2021$9(OLS)http://semarc/title/441835 996 $6264$aSpoleto :$bFondazione Centro italiano di studi sull'Alto Medioevo$9(OLS)http://semarc/publisher/33034 LEADER 00931nam a2200229 i 4500 001 000000115006 003 CaOOAMICUS 005 20051025000000.0 008 051025s2004 it u000 u ita u 013 $a87694 040 $aSeMil$bita 100 1 $aBotta, Mario,$d<1943- >.$0(OLS)http://semarc/name/90805 245 10$aChiesa a Seriate :$bcentro pastorale Giovanni 23. /$cMario Botta. 260 $aGinevra ; Milano :$bSkira,$ccopyr. 2004. 300 $a127 p. :$briccamente ill. ;$c21x21 cm. 500 $aContiene : Bibliografia. 650 4$aSeriate - Chiesa.$0(OLS)http://semarc/subject/21001 850 $aSeMil 852 $aSeMil$W1$xVenegono$y1$m5U VI 25$j70544$B70544$CSeMilBibl$Z2$F104871 $81 961 $aOmaggio: Ferrario mons. Emilio 996 $6245$aChiesa a Seriate :$bcentro pastorale Giovanni 23.$9(OLS)http://semarc/title/168280 996 $6260$aGinevra ; Milano :$bSkira$9(OLS)http://semarc/publisher/44264